First Five Quiz #3 - Statistics

General Stats
  • This quiz has been taken 10 times
  • The average score is 10 of 25
Answer Stats
Category Answer % Correct
'Harry Potter' Novels Chamber of Secrets
70%
'Harry Potter' Novels Goblet of Fire
70%
'Harry Potter' Novels Prisoner of Azkaban
70%
Perfect Cubes 1
60%
Perfect Cubes 8
60%
'Harry Potter' Novels Philosopher's Stone
60%
Perfect Cubes 27
50%
Perfect Cubes 64
50%
Major Chinese Dynasties Han
50%
'Harry Potter' Novels Order of the Phoenix
50%
Major Chinese Dynasties Qin
50%
NBA MVP Award Winners Wilt Chamberlain
50%
Perfect Cubes 125
40%
NBA MVP Award Winners Bill Russell
40%
NBA MVP Award Winners Bob Cousy
40%
NBA MVP Award Winners Bob Pettit (1956)
30%
NBA MVP Award Winners Bob Pettit (1959)
30%
Eminem Albums The Marshall Mathers LP
30%
Eminem Albums The Slim Shady LP
30%
Eminem Albums Relapse
20%
Major Chinese Dynasties Shang
20%
Eminem Albums Encore
10%
Major Chinese Dynasties Jin
10%
Eminem Albums The Eminem Show
10%
Major Chinese Dynasties Zhou
10%
No matching quizzes found
Score Distribution
Percent of People with Each Score
Percentile by Number Answered
Your Score History
You have not taken this quiz